00711nam a2200253 a 4500001001300000003000900013005001700022008004100039020001000080082001500090100001700105245003200122260004200154300000900196500003500205505001000240650002200250650002000272700001700292902000800309942000700317952011600324999001700440nice12345678IN_TiNIC20260116013624.0050524s1994 dela grp 000 0 eng  ac25000a305.8bABD aAbdul Aziz,  aPoverty Aleviation in India aDelhibAshish Publishing House c1994 a173p aincludes index and biblioraphy2 aIndex aDevelopment-India aEconomics-India1 aAbdul Aziz,  bSRS cBK 001040708StackRoom-aHMIbHMId2007-03-29g250.00l0o305.8 ABDp015874r2007-03-29v250.00w2005-05-24yBK c11697d11697